000 00518nam a22001695i 4500
001 168573
003 ES-MaACL
005 20230906213825.0
008 080421s1961 ag |||| | spa d
080 _a82-311.2"19"
100 1 _aMcMurtry, Larry.
_9137660
245 1 0 _aHud /
_cpor Larry McMurtry ; [traducción de Ana Mª de la Fuente].
260 _aBuenos Aires :
_bPlaza & Janés,
_c[1961]
300 _a199 p. ;
_c19 cm.
700 1 _aFuente, Ana María de la.
_952831
852 _aES-MaACL
_jC-24293
_9R.52885
999 _c168573
_d168573